अनासक्त आस्तिक :जैनेन्द्र कुमार की जीवनी / (Record no. 165730)

MARC details
000 -LEADER
fixed length control field 01256nam a22002777a 4500
005 - DATE AND TIME OF LATEST TRANSACTION
control field 20190823162033.0
010 ## - LCCN (DPL NO)
LC control number HIN-116376
020 ## - INTERNATIONAL STANDARD BOOK NUMBER
Terms of availability 795.00
International Standard Book Number 9789388753012
035 ## - SYSTEM CONTROL NUMBER
System control number HN-88722
037 ## - SOURCE OF ACQUISITION
Source of stock number/acquisition DBAD
037 ## - SOURCE OF ACQUISITION
Source of stock number/acquisition राजकमल प्रकाशन
082 ## - DEWEY DECIMAL CLASSIFICATION NUMBER
Classification number 920
Item number जोशीज्यो
100 ## - MAIN ENTRY--PERSONAL NAME
Personal name जोशी ,ज्योतिष
245 ## - TITLE STATEMENT
Title अनासक्त आस्तिक :जैनेन्द्र कुमार की जीवनी /
Statement of responsibility, etc ज्योतिष जोशी
246 ## - VARYING FORM OF TITLE
Title proper/short title Anaskt Aastik: Jainendra kumar ki Jeevni /
Remainder of title Jyotish Joshi
260 ## - PUBLICATION, DISTRIBUTION, ETC. (IMPRINT)
Place of publication, distribution, etc नई दिल्ली
Name of publisher, distributor, etc राजकमल प्रकाशन
Date of publication, distribution, etc 2019
270 ## - ADDRESS
City नई दिल्ली
Address बी -1,नेताजी सुभाष मार्ग , दरयागंज
Postal code 110002
300 ## - PHYSICAL DESCRIPTION
Extent 199पृ.
Dimensions 22सेमी(सजिल्द )
500 ## - GENERAL NOTE
General note राष्ट्रपति-2
650 ## - SUBJECT ADDED ENTRY--TOPICAL TERM
Topical term or geographic name as entry element साहित्य--निबंध
General subdivision
650 ## - SUBJECT ADDED ENTRY--TOPICAL TERM
Topical term or geographic name as entry element हिंदी--निबंध
650 ## - SUBJECT ADDED ENTRY--TOPICAL TERM
Topical term or geographic name as entry element Literature--Essays
650 ## - SUBJECT ADDED ENTRY--TOPICAL TERM
Topical term or geographic name as entry element Hindi--Essays
700 ## - ADDED ENTRY--PERSONAL NAME
Personal name द्रिवेदी, मुकुंद
9 (RLIN) 77990
942 ## - ADDED ENTRY ELEMENTS (KOHA)
Source of classification or shelving scheme Dewey Decimal Classification
Item type Hindi Books
Classification part 920
Call number suffix जोशीज्यो
Holdings
Withdrawn status Lost status Not for loan Collection code Home library Current library Date acquired Source of acquisition Cost, normal purchase price Full call number Barcode Copy number Cost, replacement price Koha item type
      Non-fiction Ashok Vihar Ashok Vihar 28/06/2019 DBAD/PUB 795.00 920 जोशीज्यो HN-88722 1 795.00 Hindi Books

© Delhi Public Library
Hit Counter
free hit counter